LDR 01181naa#a2200169#i#450# 001 RU\\bibl\122484 005 20260502080202.6 011 ## _a2304-0130 100 ## _a20260410b2026####ek#y0rusy0150####ca 102 ## _aRU 200 1# _aГЕНЕТИЧЕСКИЕ АЛГОРИТМЫ И ИСКУССТВЕННЫЙ ИНТЕЛЛЕКТ _eЖурнальная статья 210 1# _aСанкт-Петербург _cСанкт-Петербургский университет Государственной противопожарной службы Министерства Российской Федерации по делам гражданской обороны, чрезвычайным ситуациям и ликвидации последствий стихийных бедствий имени Героя Российской Федерации генерала армии Е.Н. Зиничева _d2026 215 ## _a5 с. 608 ## _aЖурнальная статья _2local 675 ## _aИнформационные системы (в автоматическом управлении). 681.518 _z 700 #1 _aЛабинский _gАлександр Юрьевич 856 4# _ajournals.igps.ru _u